000 00713cam a22002413a 4500
001 13138
003 PGUSA
005 20140828083301.0
008 040808s2004||||xxu|||||s|||||000 | eng d
040 _aPGUSA
_beng
042 _adc
050 4 _aPS
100 1 _aO'Brien, Edward Joseph Harrington,
_d1890-1941
245 1 4 _aThe Forgotten Threshold :
_bA Journal of Arthur Middleton
_h[electronic resource] /
_cEdward Joseph Harrington O'Brien
260 _bProject Gutenberg,
_c2004
506 _aPublic domain in the USA.
516 _aElectronic text
653 _aMysticism
653 _aDiaries
830 0 _aProject Gutenberg
_v13138
856 4 0 _uhttp://www.gutenberg.org/ebooks/13138
942 _cEB
999 _c242393
_d242393